| 000 | 01140nac a22002291u 4500 | ||
|---|---|---|---|
| 020 | _a0582262356 | ||
| 082 |
_a690.068 _bLAV |
||
| 090 |
_c5258 _d5258 |
||
| 100 | _aLavender, Stephen D | ||
| 245 |
_aManagement for the construction industry / _c Stephen Lavender. |
||
| 260 |
_aHarlow : _b Longman,1996 _c 1996. |
||
| 300 |
_axiii, 296 p. : _b ill. ; _c 25 cm. |
||
| 500 | _adistributer: Bacca | ||
| 504 | _aIncludes bibliography: p.289-292. & index. | ||
| 511 | _acatalogued by: wessam | ||
| 650 |
_aConstruction industry _x Management. |
||
| 710 | _aChartered Institute of Building (Great Britain) | ||
| 942 |
_cTB _k690.068 LAV |
||
| 999 |
_c5258 _d5258 |
||